[Event "AUT-ch U18"]
[Site "Bad Ischl"]
[Date "2007.04.01"]
[Round "3"]
[White "Fandler, Simon"]
[Black "Redl, Stefan"]
[Result "1-0"]
[WhiteElo "2035"]
[BlackElo "1701"]
[PlyCount "43"]
[EventDate "2007.03.31"]
[EventType "swiss"]
[EventRounds "7"]
[EventCountry "AUT"]
[SourceTitle "EXT 2008"]
[Source "ChessBase"]
[SourceDate "2007.11.25"]
[SourceVersion "1"]
[SourceVersionDate "2007.11.25"]
[SourceQuality "1"]

1. e4 c5 2. Nf3 d6 3. d4 cxd4 4. Nxd4 Nf6 5. Nc3 g6 6. Be3 Bg7 7. f3 0-0 8. Qd2 Nc6 9. g4 Bd7 10. 0-0-0 Rc8 11. h4 Nxd4 12. Bxd4 Qa5 13. Kb1 Rfe8 14. h5 b5 15. hxg6 hxg6 16. g5 Nh5 17. Bxg7 Nxg7 18. Qd4 Be6 19. Nd5 Rc5 20. b4 Qa3 21. bxc5 dxc5 22. Qc3 1-0